banner-ar

النثر لا الشعر : (Record no. 59841)

MARC details
000 -الفاتح
حقل البيانات ثابتة الطول 00726nam a2200205 4500
005 - وقت وتاريخ اخر تعامل مع التسجيلة
رقم الضبط 20240530110339.0
008 - عناصر البيانات ثابتة الطول - معلومات عامة
حقل البيانات ثابتة الطول 141027s2010 ua gr 000 | ara d
040 ## - مصدر الفهرسة
وكالة الفهرسة الأصلية EG-CaGPL
082 40 - رقم تصنيف ديوى العشرى
رقم الطبعة 21
رقم التصنيف 819\
رقم المادة ص ن
100 0# - المدخل الرئيسى - إسم شخصى
الإسم الشخصى صلاح الدين احمد يونس
245 10 - بيان العنوان
العنوان النثر لا الشعر :
بقية العنوان من سلطة التراث الى احلام العصر /
بيان المسئوليه,etc صلاح الدين احمد يونس
250 ## - بيان الطبعة
بيان الطبعة ط1
260 ## - PUBLICATION, DISTRIBUTION, ETC. (IMPRINT)
تاريخ النشر أو التوزيع 2010
300 ## - الوصف المادى
التعداد 428 ص ؛
أبعاد الوعاء 24 سم
490 ## - بيان السلسلة
عنوان السلسلة سلسلة الدراسات النقدية ؛
رقم المجلد/ التعيين التسلسلي 6
650 40 - المدخل الاضافى بالموضوع-مصطلح موضوعى
مصطلح موضوعي الادب العربى
650 40 - المدخل الاضافى بالموضوع-مصطلح موضوعى
مصطلح موضوعي النثر العربى
942 ## - عناصر المدخل الإضافي( كوها)
مصدر التصنيف او مخطط الترفيف Dewey Decimal Classification
Koha [default] item type كتاب
260 ## - PUBLICATION, DISTRIBUTION, ETC. (IMPRINT)
-- دمشق :
-- انانا ،
Holdings
حالة التراجع حالة الفقد حالة تلف ليس للاعارة المكان المؤقت الموقع الحالى تاريخ الاكتساب اجمالي اﻻعارات رقم الطلب الباركود تاريخ اخر مشاهدة تاريخ تفعيل السعر نوع وعاء كوها
        مكتبة القاهرة الكبرى مكتبة القاهرة الكبرى 10/27/2014   819\ ص ن 158797 10/27/2014 10/27/2014 كتاب

Powered By

EGPV